000 00619cam a22002291 4500
001 ne 65001608
003 DLC
005 20260227111815.0
008 890331s1964 xx d 000 0 ara
010 _ane 65001608
035 _a(OCoLC)23499118
040 _aDLC
_cMiU
_dDLC
050 0 0 _aPJ6620
_b.F5 1964
100 1 _aFīrūzābādī, Muḥammad ibn Yaʻqūb,
_d1329-1414 or 1415.
240 1 0 _aQamūs al-muhit.
245 1 0 _aMukhtār al-Qāmūs.
260 _c1964.
300 _a677 p.
_c24 cm.
500 _aRomanized.
650 0 _aArabic language
_vDictionaries.
700 1 _aZāwī, Ṭāhir Aḥmad.
999 _c48299
_d48299